| 000 | 00339nam a2200133Ia 4500 | ||
|---|---|---|---|
| 005 | 20251222155105.0 | ||
| 008 | 251222s9999||||xx |||||||||||||| ||spa|| | ||
| 082 | _aEDUM.134 | ||
| 100 | _aSebastiƔn Cerro. | ||
| 245 | 0 | _aElegir la excelencia en la gestión de un Centro Educativo | |
| 250 | _a1ra. ed. | ||
| 264 | _bNarcea | ||
| 942 | _cLIB | ||
| 999 |
_c37839 _d37839 |
||